000 01764cam a22005054i 4500
003 PE-LiUPU
005 20250731165644.0
008 150616s r 000 0 d
020 _a0060675152
035 _a(Sirsi) i9780060675158
040 _aPE-LiUPU
_bspa
_cPE-LiUPU
_erda
049 _aPRUA
082 0 4 _a200.3d
_bS61
_221
100 1 _aSmith, Jonathan Z.,
_eautor.
245 1 4 _aThe Harpercollins Dictionary of Religion.
264 1 _aSan Francisco :
_bHarper Collins,
_c1995.
300 _a1154 páginas :
_bIlustraciones ;
_c24 centímetros
336 _atext
_2rdacontent
337 _aunmediated
_2rdamedia
338 _avolume
_2rdacarrier
505 0 _aAbbreviations -- Pronunciation key -- Note on transliteration -- List of ilustrations.
526 _aSEG44
526 _aSEG26
526 _aP151
526 _aP150
526 _aP149
526 _aP146
526 _aP145
526 _aP126
526 _aP125
526 _aP92
526 _aP75
526 _aP74
526 _aP27
526 _aP15
650 0 4 _aRELIGION - DICCIONARIOS (A-Z).
700 1 _aScott Gree, William.
910 _ajck
_bjvq
_cjck
942 _2ddc
_cBOOK
949 _aRC 200.3D S61
_wDEWEY
_c1
_i41084
_d2015-10-25
_lCCODEBUL1
_mBUL
_q1
_r0
_sY
_tBOOK
_u2015-6-16
_xTEOLOGIA
_zUNKNOWN
_0COMPRA
_o.CIRCNOTE. No olvidar cambiar la fecha de devolución!!!!!!!
_o.STAFF. Colección General
994 _aC0
_bPEPRU
596 _a1
999 _aRC 200.3D S61
_wDEWEY
_c58818
_i41084
_d58818
_f2021-11-8
_g6
_lCCODEBUL1
_mBUL
_q3
_r1
_sY
_tBOOK
_u2015-6-16
_xTEOLOGIA
_zUNKNOWN
_0COMPRA
_o.CIRCNOTE. No olvidar cambiar la fecha de devolución!!!!!!!
_o.STAFF. Colección General
980 _81
_gALBERTO SANCHEZ Responsable de Automatización